| 000 | 00387nam a2200097Ia 4500 | ||
|---|---|---|---|
| 008 | 180130s9999 xx 000 0 und d | ||
| 245 |
_cSmitsman, Ad W.; Corbetta, Daniela _aAction in infancy - perspectives, concepts, and challenges |
||
| 260 | _c2014 | ||
| 300 | _aBook title: Blackwell handbook of infant development--Acession number C19029; pages 169-205 | ||
| 650 | _aINFANTS--DEVELOPMENT | ||
| 999 |
_c354026 _d354026 |
||